000 00366nam a2200121Ia 4500
008 230907s9999||||xx |||||||||||||| ||und||
082 _a891.439
_b/
245 0 _aداستانِ امیر حمزہ , Dastan-e-Ameer Hamza /
260 _a7th Sky Publications, | Ilm-O-Irfan Publishers,
_bLahore :
_c2015
300 _a232 p.
650 _aUrdu Literature.
942 _cBK
999 _c599686
_d599686